000 01907cam a2200433 a 4500
001 EDZ0000019067
003 StDuBDS
005 20161031105121.0
006 m||||||||d||||||||
007 cr |||||||||||
008 110107s2011 cau fo 001|0|eng|d
020 _a9781412994064 (online resource) :
_cNo price
040 _aStDuBDS
_beng
_cStDuBDS
_epn
049 _aAlfaisal Main Library
050 4 _aHV553
082 0 4 _a363.34803
_222
245 0 0 _aEncyclopedia of disaster relief
_h[electronic resource] /
_cedited by K. Bradley Penuel, Matt Statler.
260 _aThousand Oaks, Calif. ;
_aLondon :
_bSAGE,
_c2011.
300 _a1 online resource.
521 _aSpecialized.
538 _aMode of access: World Wide Web.
538 _aSystem requirements: Internet Explorer 6.0 (or higher) or Firefox 2.0 (or higher).
538 _aAvailable as searchable text in HTML format.
500 _a"SAGE reference online."
500 _aTitle from home page (viewed Jan. 10, 2011).
530 _aAlso issued in print format.
506 1 _aAccess restricted to subscribing institutions.
520 8 _aBillions of dollars and millions of people are involved in disaster relief, yet catastrophes around the world continue to take a huge toll in human lives and treasure. This book covers the response to disasters. It covers issues in both historical and contemporary context, with information on disaster relief around the world.
504 _aIncludes bibliographical references and index.
650 0 _aDisaster relief
_vEncyclopedias.
655 7 _aElectronic books.
_2local
700 1 _aPenuel, K. Bradley.
700 1 _aStatler, Matthew.
710 2 _aSage eBooks
730 0 _aSAGE reference online.
776 0 8 _iPrint version :
_z9781412971010
856 4 0 _uhttp://ezproxy.alfaisal.edu/login?url=http://sk.sagepub.com/reference/disasterrelief
942 _2lcc
_cEBOOKS
999 _c479665
_d479665